On This Day: May 11th II Quiz Stats

 Plays Quiz Updated May 11, 2018

Score 0/7 Timer 03:00
0 Plays Today
Question Answer Wrong Answers
Supercomputer Deep Blue defeats Garry Kasparov in the last game of a rematch, becoming the first computer to beat a world-champion ______ player in a classic match format.
1997
Chess
93.6%
Checkers
0.8%
Poker
1.1%
Scrabble
0.8%
In the midst of a 16-game losing streak, this founder of CNN and former Atlanta Braves owner manages a game in place of coach Dave Bristol, who had been sent away on a ‘scouting’ trip.
1977
Ted Turner
81.7%
Vince McMahon
3.8%
Rupert Murdoch
7%
Sam Walton
4.1%
This small, landlocked Western European country gains its independence.
1867
Luxembourg
74.5%
Monaco
11.7%
Moldova
7.2%
Estonia
4.2%
This American football quarterback, who was drafted by the Carolina Panthers with the first overall pick in 2011, is born.
1989
Cam Newton
74%
Russell Wilson
9.3%
Andrew Luck
6.7%
Jameis Winston
6.4%
Prime Minister Spencer ______ is assassinated by John Bellingham in the lobby of the House of Commons, London.
1812
Perceval
62.3%
Jenkinson
4.3%
Canning
9.6%
Wellesley
23.7%
While traveling east to ______, Tsarevich Nicholas Alexandrovich of Imperial Russia is injured in a sword attack by a policeman, known as the Ōtsu incident today.
1891
Japan
50.6%
China
30.2%
Korea
8.2%
Siam
8.3%
This American poet wins a Pulitzer Prize for his volume of poems, ‘New Hampshire’.
1924
Robert Frost
47.2%
Langston Hughes
7.8%
Walt Whitman
28.1%
T. S. Eliot
13.9%

You're not logged in!

Compare scores with friends on all Sporcle quizzes.
OR
Log In

Sporcle TV

Today on Sporcle TV


Watch our educational content, quiz creation guides, and fun videos on Sporcle TV.

Show Comments

Extras

Top Quizzes Today


Score Distribution

Your Account Isn't Verified!

In order to create a playlist on Sporcle, you need to verify the email address you used during registration. Go to your Sporcle Settings to finish the process.

Report this User

Report this user for behavior that violates our Community Guidelines.

Details: